| 000 | 01257cam a2200337 a 4500 | ||
|---|---|---|---|
| 001 | 4792409 | ||
| 003 | ARRUPE | ||
| 005 | 20131015135857.0 | ||
| 008 | 040419s2003 enk b 001 0 eng d | ||
| 010 | _a 2004298523 | ||
| 020 | _a0826469868 (alk. paper) | ||
| 020 | _a0567084426 (pbk. : alk. paper) | ||
| 035 | _a(OCoLC)ocm54043302 | ||
| 035 | _a(CStRLIN)NYCT04-B1933 | ||
| 035 | _a(NNC)4792409 | ||
| 040 |
_aEQO _cEQO _dBAN _dDLC _dCStRLIN |
||
| 042 | _alccopycat | ||
| 050 | 0 | 0 |
_aBS2615.52 _b.B77 2003 |
| 100 | 1 |
_aBrown, Tricia Gates. _92568 |
|
| 245 | 1 | 0 |
_aSpirit in the writings of John : _bJohannine pneumatology in social-scientific perspective / _cTricia Gates Brown. |
| 260 |
_aLondon ; _aNew York : _bT & T Clark International, _cc2003. |
||
| 300 |
_avi, 307 p. ; _c24 cm. |
||
| 490 | 1 |
_aJournal for the study of the New Testament. Supplement series ; _v253 |
|
| 504 | _aIncludes bibliographical references (p. [268]-291) and indexes. | ||
| 630 | 0 | 0 |
_aBible. _pJohn _xCriticism, interpretation, etc. _92569 |
| 650 | 0 |
_aHoly Spirit _xBiblical teaching. _92570 |
|
| 650 | 0 |
_aJohannine school. _92571 |
|
| 830 | 0 |
_aJournal for the study of the New Testament. _pSupplement series ; _v253. _92572 |
|
| 942 |
_2lcc _cMONOGRAPH |
||
| 999 |
_c118357 _d118357 |
||